Normal view
MARC view
- سياسة دولية - عولمة - عالم عربي
Entry Topical Term
001 - CONTROL NUMBER
- control field: 46319
003 - CONTROL NUMBER IDENTIFIER
- control field: JO-AjAnu
005 - DATE AND TIME OF LATEST TRANSACTION
- control field: 20230606081644.0
008 - FIXED-LENGTH DATA ELEMENTS
- fixed length control field: 230606|| aca||aabn | a|a d
040 ## - CATALOGING SOURCE
- Original cataloging agency: JO-AjAnu
- Transcribing agency: JO-AjAnu
150 ## - HEADING--TOPICAL TERM
- Topical term or geographic name entry element: سياسة دولية - عولمة - عالم عربي
670 ## - SOURCE DATA FOUND
- Source citation: Work cat.: (JO-AjAnu)23708: حوار شرف، ليلى، حوار لبيب قمحاوي، حوارهشام غضيب, author 46318, قضايا عربية وتحديات العولمة: حوار الشهر"12" مع علي أومليل